000
00309nam a22001337a 4500
008
180119b xxu||||| |||| 00| 0 eng d
020
_a
0205653014
041
_a
eng
080
_2
2ND
_a
82
100
_a
21
101
_a
GJL
245
_a
The longman anthology world literature
_c
Damrosch,D
942
_2
udc
_c
BK
999
_c
40532
_d
40532